00554nam a2200193 a 450000500170000000800410001702000150005805000250007310000220009824500680012025000120018826000570020030000290025752100080028665000210029465000180031565000120033365000150034520140310183159.0021017s19uu xx 00 eng d a9814058769 aQP 34.5 b.M455 2002 aMarieb, Elaine N. aEssentials of human anatomy and physiology /cElaine N. Marieb. a6th ed. aSingapore :bPearson Education Asia Pte Ltd.,c2002. a558 p. :bill. ;c27 cm. aNUR aHuman physiology aHuman anatomy aAnatomy aPhysiology